| 000 | 00451nam a2200181Ia 4500 | ||
|---|---|---|---|
| 001 | 13136 | ||
| 005 | 20260306163031.0 | ||
| 008 | 260306t2015||||xx |||||||||||||| ||spa|| | ||
| 041 | _aESP | ||
| 082 |
_a001.42 _bM96 |
||
| 100 |
_aMuñoz Razo, Carlos _eAUT |
||
| 245 | 0 | _aCómo elaborar y asesorar una investigación de tesis | |
| 260 | _c2015 | ||
| 300 |
_a462 páginas : _c27 cm. |
||
| 650 | _aGEN | ||
| 654 | _aCHU | ||
| 942 |
_cLIB _dJUS _fJUS _2ddc _n |
||
| 999 |
_c13136 _d13136 |
||